ՀՀ Գիտությունների ազգային ակադեմիայի հիմնարար գիտական գրադարան  =   Fundamental Scientific Library of NAS RA

Житие протопопа Аввакума им самим написанное : (Record no. 502509)

MARC details
000 -LEADER
fixed length control field 01087nam a2200229 u 4500
001 - CONTROL NUMBER
control field 000511367
003 - CONTROL NUMBER IDENTIFIER
control field AM-YeHGA
005 - DATE AND TIME OF LATEST TRANSACTION
control field 20250617163210.0
008 - FIXED-LENGTH DATA ELEMENTS--GENERAL INFORMATION
fixed length control field 061129s1960 ru cho r 000 1 rus d
040 ## - CATALOGING SOURCE
Original cataloging agency AM-YeHGA
090 ## - LOCALLY ASSIGNED LC-TYPE CALL NUMBER (OCLC); LOCAL CALL NUMBER (RLIN)
-- 505924
100 1# - MAIN ENTRY--PERSONAL NAME
Personal name Аввакум
Titles and words associated with a name протопоп
Dates associated with a name 1621-1682
245 10 - TITLE STATEMENT
Title Житие протопопа Аввакума им самим написанное :
Remainder of title и другие его сочинения /
Statement of responsibility, etc. Протопоп Аввакум; Под общ.ред. Н.К. Гудзия; Вступ.ст. В.Е. Гусева.
260 ## - PUBLICATION, DISTRIBUTION, ETC.
Place of publication, distribution, etc. Москва :
Name of publisher, distributor, etc. Гос. изд-во худож. лит,
Date of publication, distribution, etc. 1960.
300 ## - PHYSICAL DESCRIPTION
Extent 479 с., [5] л. илл. :
Other physical details илл.
504 ## - BIBLIOGRAPHY, ETC. NOTE
Bibliography, etc. note Библиогр.: с. 470-474
650 14 - SUBJECT ADDED ENTRY--TOPICAL TERM
Topical term or geographic name entry element Русская литература
Chronological subdivision 17 век
650 14 - SUBJECT ADDED ENTRY--TOPICAL TERM
Topical term or geographic name entry element Старообрядчество
General subdivision История
650 14 - SUBJECT ADDED ENTRY--TOPICAL TERM
Topical term or geographic name entry element История
Geographic subdivision Русское государство
700 1# - ADDED ENTRY--PERSONAL NAME
Personal name Гудзий, Николай Каллиникович
Relator term ред.
Relationship edt
Dates associated with a name 1887-1965
700 1# - ADDED ENTRY--PERSONAL NAME
Personal name Гусев В.Е.
Relator term авт.вступ.ст.
Relationship aui
Holdings
Withdrawn status Lost status Source of classification or shelving scheme Damaged status Not for loan Collection Home library Current library Date acquired Total checkouts Full call number Barcode Date last seen Price effective from Koha item type Public note
    Universal Decimal Classification     General Fundamental Scientific Library Fundamental Scientific Library 03/12/2019   PII/26944 FL0612529 03/12/2019 03/12/2019 Գրքեր / Books 30 Days Loan


ՀՀ ԳԱԱ հիմնարար գիտական գրադարան
ՀՀ,Երևան 0019
Մարշալ Բաղրամյան 24/6
հեռախոս:(374-10) 52-47-50
Հետադարձ կապ

All site content, except where otherwise noted, is licensed under a
Creative Commons License